“Can’t remember what i forgot:” investigating organizational forgetting within a project-based organization (Record no. 532970)

000 -LEADER
fixed length control field 01432nam a22001337a 4500
008 - FIXED-LENGTH DATA ELEMENTS--GENERAL INFORMATION
fixed length control field 260407b ||||| |||| 00| 0 eng d
100 ## - MAIN ENTRY--PERSONAL NAME
Personal name Garcias, Frédéric Dalmasso, Cédric and Depeyre, Colette
245 ## - TITLE STATEMENT
Title “Can’t remember what i forgot:” investigating organizational forgetting within a project-based organization
260 ## - PUBLICATION, DISTRIBUTION, ETC. (IMPRINT)
Place of publication, distribution, etc Project Management Journal
300 ## - PHYSICAL DESCRIPTION
Extent 56(6), Dec, 2025: p.743-759
520 ## - SUMMARY, ETC.
Summary, etc This article is based on the study of an engineering organization that is experiencing major difficulties on its first new project in 10 years. It contributes to the literature on organizational forgetting in project-based organizations, examining how this phenomenon can be perceived and assessed. The analysis of the data provides a better understanding of the conditions under which a situation of accidental forgetting can be (mis)identified. The case reveals that, due to five sources of ambiguity linked to the identification process—latency, novelty, multiplicity, complexity, and credibility—the forgetting phenomenon may be underestimated or the subject of contradictory assessments within the organization.-Reproduced


https://journals.sagepub.com/doi/full/10.1177/87569728241286045?_gl=1*w8kuec*_up*MQ..*_ga*MTkxMjQyMjc4OC4xNzc1NTUyNDU4*_ga_60R758KFDG*czE3NzU1NTI0NTckbzEkZzEkdDE3NzU1NTI0NzIkajQ1JGwwJGg4NjgxOTYyNDQ.
773 ## - HOST ITEM ENTRY
Main entry heading Project Management Journal
942 ## - ADDED ENTRY ELEMENTS (KOHA)
Item type Articles
Holdings
Withdrawn status Lost status Source of classification or shelving scheme Damaged status Not for loan Permanent location Current location Date acquired Serial Enumeration / chronology Barcode Date last seen Koha item type
          Indian Institute of Public Administration Indian Institute of Public Administration 2026-04-07 56(6), Dec, 2025: p.743-759 AR138484 2026-04-07 Articles

Powered by Koha